[Event "AUS-ch U18 Girls"]
[Site "Sandy Bay"]
[Date "2010.01.14"]
[Round "1"]
[White "Dilnutt, Charlotte"]
[Black "Lu, Ruihong"]
[Result "1/2-1/2"]
[WhiteElo "355"]
[BlackElo "1074"]
[PlyCount "90"]
[EventDate "2010.01.14"]
[EventType "swiss"]
[EventRounds "9"]
[EventCountry "AUS"]
[SourceTitle "EXT 2011"]
[Source "ChessBase"]
[SourceDate "2010.11.26"]
[SourceVersion "1"]
[SourceVersionDate "2010.11.26"]
[SourceQuality "1"]

1. e4 e6 2. Nc3 d5 3. d4 Nf6 4. e5 Nfd7 5. f4 c5 6. Nf3 Nc6 7. Be3 a6 8. Qd2 f6 9. 0-0-0 b5 10. dxc5 Nxc5 11. Nd4 Bd7 12. Qf2 b4 13. Nxc6 Bxc6 14. Bxc5 bxc3 15. bxc3 Be7 16. exf6 Bxf6 17. c4 Qa5 18. Qe3 Kf7 19. a3 Rac8 20. Bb4 d4 21. Bxa5 dxe3 22. Rd3 e2 23. Bxe2 Bxg2 24. Rd7+ Kg8 25. Rhd1 g6 26. Bd8 Bxd8 27. Rxd8+ Rxd8 28. Rxd8+ Kg7 29. Rd7+ Kf6 30. c5 Rc8 31. Bxa6 Rxc5 32. Rxh7 Ra5 33. Bc8 Rxa3 34. Kb2 Ra4 35. Rh6 Bd5 36. h4 Rxf4 37. h5 Rh4 38. Rxg6+ Kf7 39. Rh6 Rg4 40. Rh7+ Rg7 41. Rh8 Rg8 42. Rxg8 Kxg8 43. Kc3 Kf7 44. Kd4 Kf6 45. c4 Bxc4 1/2-1/2